100 biggest ASEAN cities by population - Statistics

General Stats
  • This quiz has been taken 795 times
    774 since last reset
  • The average score is 24 of 100
Answer Stats
Country Population City % Correct
INA 10,222,395 Jakarta
98%
THA 5,834,355 Bangkok
97%
VIE 4,006,953 Hà Nội
96%
PHI 1,836,483 Manila
96%
SIN 5,791,901 Singapore
96%
VIE 6,893,553 TP Hồ Chí Minh
93%
MAS 1,771,459 Kuala Lumpur
91%
CAM 1,619,379 Phnom Penh
80%
MYA 5,350,934 Yangon
80%
INA 2,878,923 Surabaya
71%
INA 2,400,342 Bandung
69%
LAO 768,743 Vientiane
68%
INA 648,463 Denpasar
65%
PHI 3,029,034 Quezon City
65%
PHI 951,808 Cebu City
60%
INA 2,529,627 Medan
59%
MYA 389,033 Naypyidaw
56%
VIE 941,724 Đà Nẵng
52%
PHI 1,684,669 Davao City
50%
MYA 1,368,140 Mandalay
48%
INA 1,694,113 Makassar
43%
MAS 789,563 George Town
42%
INA 418,224 Yogyakarta
41%
INA 1,588,349 Palembang
39%
MAS 554,231 Johor Bahru
37%
INA 1,663,576 Semarang
36%
PHI 424,661 Angeles
28%
VIE 943,441 Hải Phòng
25%
INA 566,485 Surakarta
25%
INA 1,056,606 Batam
22%
INA 2,443,014 Bekasi
22%
INA 829,996 Malang
22%
INA 894,970 Padang
20%
INA 1,250,973 South Tangerang
20%
INA 1,606,946 Tangerang
20%
INA 1,008,035 Bogor
19%
MAS 733,551 Ipoh
19%
INA 613,177 Balikpapan
18%
INA 1,197,123 Bandar Lampung
18%
INA 1,674,418 Depok
18%
INA 668,083 Pontianak
18%
VIE 843,956 Cần Thơ
17%
INA 424,038 Jayapura
16%
INA 877,476 Pekanbaru
16%
INA 652,230 Banjarmasin
15%
PHI 889,072 Zamboanga City
15%
MAS 504,045 Kota Kinabalu
14%
INA 772,436 Samarinda
14%
PHI 613,258 General Santos
13%
INA 617,857 Jambi
13%
INA 473,649 Manado
13%
INA 629,317 Serang
12%
INA 381,936 Ambon
11%
PHI 697,341 Cagayan de Oro
10%
VIE 423,000 Nha Trang
10%
INA 368,701 Palu
10%
PHI 579,656 Bacolod
9%
INA 445,263 Kupang
9%
PHI 1,634,105 Caloocan
8%
VIE 403,878 Vinh
8%
INA 369,876 Bengkulu
7%
PHI 601,039 Makati
7%
INA 419,541 Mataram
7%
MAS 715,057 Shah Alam
7%
INA 695,671 Tasikmalaya
7%
PHI 800,956 Antipolo
6%
MAS 684,585 Petaling Jaya
6%
PHI 830,388 Taguig
6%
VIE 980,000 Biên Hoà
5%
INA 397,628 Cilegon
5%
MAS 376,372 Kuala Terengganu
5%
MAS 540,648 Melaka
5%
PHI 779,203 Pasig
5%
MAS 574,772 Seremban
5%
PHI 640,056 Valenzuela
5%
VIE 505,649 Vũng Tàu
5%
MAS 452,159 Alor Setar
4%
INA 526,530 Cimahi
4%
PHI 462,169 Iloilo City
4%
PHI 607,530 Las Piñas
4%
PHI 619,616 Bacoor
3%
PHI 468,869 Calamba
3%
PHI 679,875 Dasmariñas
3%
PHI 398,500 Mandaluyong
3%
PHI 465,005 Marikina
3%
PHI 520,475 Muntinlupa
3%
PHI 686,893 Parañaque
3%
PHI 429,703 Pasay
3%
VIE 589,500 Quy Nhơn
3%
PHI 592,257 San Jose del Monte
3%
VIE 408,264 Buôn Ma Thuột
2%
PHI 416,563 Imus
2%
PHI 421,027 Lapu‑Lapu
2%
PHI 377,093 Malabon
2%
PHI 364,962 Santa Rosa
2%
VIE 365,518 Thanh Hoá
2%
VIE 416,112 Thuận An
2%
MAS 589,918 Iskandar Puteri
1%
PHI 374,131 Mandaue
1%
VIE 385,000 Thủ Dầu Một
1%
No matching quizzes found
Score Distribution
Percent of People with Each Score
Percentile by Number Answered
Your Score History
You have not taken this quiz since the last reset